Fundamentals of physics

Fundamentals of Physics, 7th Edition and the Extended Version, 7th Edition offer a solid understanding of fundamental physics concepts, helping readers apply this conceptual understanding to quantitative problem solving, in a breezy, easy–to–understand style. A unique combination of authoritative co...

وصف كامل

محفوظ في:
التفاصيل البيبلوغرافية
المؤلف الرئيسي: Halliday, David
التنسيق: كتاب
اللغة:Undetermined
منشور في: Hoboken, NJ Wiley 2005
الموضوعات:
الوسوم: إضافة وسم
لا توجد وسوم, كن أول من يضع وسما على هذه التسجيلة!
Thư viện lưu trữ: Trung tâm Học liệu Trường Đại học Cần Thơ
LEADER 00845nam a2200193Ia 4500
001 CTU_192157
008 210402s9999 xx 000 0 und d
082 |a 530 
082 |b H188 
100 |a Halliday, David 
245 0 |a Fundamentals of physics 
245 0 |c David Halliday, Robert Resnick, Jearl Walker 
260 |a Hoboken, NJ 
260 |b Wiley 
260 |c 2005 
520 |a Fundamentals of Physics, 7th Edition and the Extended Version, 7th Edition offer a solid understanding of fundamental physics concepts, helping readers apply this conceptual understanding to quantitative problem solving, in a breezy, easy–to–understand style. A unique combination of authoritative content and stimulating applications. 
650 |a Physics,Vật lý 
910 |a Hải 
980 |a Trung tâm Học liệu Trường Đại học Cần Thơ